Statistiques concernant Qui suis-je ? Football 2023 #3

Cliquez ici pour prendre le quiz!

Statistiques générales

  • Ce quiz a été pris 946 fois
  • Le résultat moyen est 5 sur 8

Statistiques - réponses

Réponse% Correct
Tchouaméni
90%
Bellingham
87%
Cherki
77%
Fernandez
77%
Gusto
70%
Ounahi
69%
Dest
48%
Elanga
22%

Distribution des résultats

Percentile par nombre de réponses

% des personnes avec chaque résultat

Votre développement - résultats

Vous n’avez pas pris ce quiz